|
|
|
|
| LEADER |
03414cam a2200829 i 4500 |
| 001 |
nkc20162834147 |
| 003 |
CZ PrNK |
| 005 |
20170201101615.0 |
| 007 |
ta |
| 008 |
160906t20162016xr a f 001 0 cze d |
| 015 |
|
|
|a cnb002834147
|
| 020 |
|
|
|a 978-80-7345-500-2
|q (vázáno)
|
| 035 |
|
|
|a (OCoLC)962340895
|
| 040 |
|
|
|a KLG001
|b cze
|d BOA001
|e rda
|
| 043 |
|
|
|a e-xr---
|
| 045 |
|
|
|a x4y1
|
| 072 |
|
7 |
|a 618
|x Gynekologie. Porodnictví
|2 Konspekt
|9 14
|
| 080 |
|
|
|a 316.346.2-055.26
|2 MRF
|
| 080 |
|
|
|a 618.4-052
|2 MRF
|
| 080 |
|
|
|a 614.1:616-01
|2 MRF
|
| 080 |
|
|
|a 613.952
|2 MRF
|
| 080 |
|
|
|a 613.952/.953
|2 MRF
|
| 080 |
|
|
|a 614.2
|2 MRF
|
| 080 |
|
|
|a 618.2/.7
|2 MRF
|
| 080 |
|
|
|a 32
|2 MRF
|
| 080 |
|
|
|a 618.2(091)
|2 MRF
|
| 080 |
|
|
|a (437.3)
|2 MRF
|
| 080 |
|
|
|a (048.8)
|2 MRF
|
| 100 |
1 |
|
|a Štembera, Zdeněk,
|d 1920-2018
|7 jk01131234
|4 aut
|
| 245 |
1 |
0 |
|a Rodička včera, dnes a zítra /
|c Zdeněk Štembera
|
| 264 |
|
1 |
|a Praha :
|b Maxdorf,
|c [2016]
|
| 264 |
|
4 |
|c ©2016
|
| 300 |
|
|
|a 222 stran :
|b ilustrace ;
|c 24 cm
|
| 336 |
|
|
|a text
|b txt
|2 rdacontent
|
| 337 |
|
|
|a bez média
|b n
|2 rdamedia
|
| 338 |
|
|
|a svazek
|b nc
|2 rdacarrier
|
| 504 |
|
|
|a Obsahuje bibliografie a rejstřík
|
| 648 |
|
7 |
|a 1945-1989
|7 ch460657
|2 czenas
|
| 648 |
|
7 |
|a 20.-21. století
|7 ch462155
|2 czenas
|
| 648 |
|
7 |
|a 1945-2015
|7 ch967349
|2 czenas
|
| 650 |
0 |
7 |
|a těhotné ženy
|7 ph254492
|z Česko
|y 20.-21. století
|2 czenas
|
| 650 |
0 |
7 |
|a rodičky
|7 ph125186
|z Česko
|y 20.-21. století
|2 czenas
|
| 650 |
0 |
7 |
|a zdravotní stav obyvatelstva
|7 ph137836
|z Česko
|y 20.-21. století
|2 czenas
|
| 650 |
0 |
7 |
|a poporodní péče
|7 ph761301
|z Česko
|y 20.-21. století
|2 czenas
|
| 650 |
0 |
7 |
|a raná péče o dítě
|7 ph135011
|z Česko
|y 20.-21. století
|2 czenas
|
| 650 |
0 |
7 |
|a zdravotní péče
|7 ph127584
|z Česko
|y 20.-21. století
|2 czenas
|
| 650 |
0 |
7 |
|a perinatologie
|7 ph138276
|z Česko
|y 20.-21. století
|2 czenas
|
| 650 |
0 |
7 |
|a perinatologie
|7 ph138276
|x politické aspekty
|2 czenas
|
| 650 |
0 |
7 |
|a dějiny porodnictví
|7 ph534676
|z Česko
|y 1945-1989
|2 czenas
|
| 650 |
0 |
7 |
|a dějiny porodnictví
|7 ph534676
|z Česko
|y 20.-21. století
|2 czenas
|
| 650 |
0 |
9 |
|a pregnant women
|z Czechia
|y 20th-21st centuries
|2 eczenas
|
| 650 |
0 |
9 |
|a women in childbed
|z Czechia
|y 20th-21st centuries
|2 eczenas
|
| 650 |
0 |
9 |
|a population health status
|z Czechia
|y 20th-21st centuries
|2 eczenas
|
| 650 |
0 |
9 |
|a postnatal care
|z Czechia
|y 20th-21st centuries
|2 eczenas
|
| 650 |
0 |
9 |
|a early child care
|z Czechia
|y 20th-21st centuries
|2 eczenas
|
| 650 |
0 |
9 |
|a health care
|z Czechia
|y 20th-21st centuries
|2 eczenas
|
| 650 |
0 |
9 |
|a perinatology
|z Czechia
|y 20th-21st centuries
|2 eczenas
|
| 650 |
0 |
9 |
|a perinatology
|x politické aspekty
|2 eczenas
|
| 650 |
0 |
9 |
|a history of obstetrics
|z Czechia
|y 1945-1989
|2 eczenas
|
| 650 |
0 |
9 |
|a history of obstetrics
|z Czechia
|y 20th-21st centuries
|2 eczenas
|
| 655 |
|
7 |
|a monografie
|7 fd132842
|2 czenas
|
| 655 |
|
7 |
|a přehledy
|7 fd133202
|2 czenas
|
| 655 |
|
9 |
|a monographs
|2 eczenas
|
| 655 |
|
9 |
|a surveys
|2 eczenas
|
| 910 |
2 |
|
|a BOA001
|b 2-1374.309
|
| 920 |
|
|
|a 1092572
|z KLG001
|
| 990 |
|
|
|a BK
|
| 995 |
|
|
|a 01
|
| 991 |
|
|
|b 201610
|c NOV
|
| 996 |
6 |
|
|b 2610683894
|c 2-1374.309
|l MZK
|r Sklad / do 1 hodiny
|n 8
|p p.v.
|w 001581494
|u 000010
|a 1
|e BOA001
|j MZK50
|s P
|
| 996 |
6 |
|
|b 2610687259
|c 2-1374.309
|l MZK
|r STM 6p
|n 0
|p kup
|h 618 ŠTE
|w 001581494
|u 000020
|a 0
|e BOA001
|j MZK50
|s P
|
| 996 |
7 |
|
|b 2610687260
|c 2-1374.309
|l MZK
|r Sklad / do 1 hodiny
|n 12
|p kup
|w 001581494
|u 000030
|a 1
|e BOA001
|j MZK50
|s A
|